00385nam a2200109Ia 4500008004100000100002000041245007800061245001800139260000900157650001300166856009600179170221s9999 xx 000 0 und d aMonahan, Kelly. 2aA Review of the Literature Concerning Ethical Leadership in Organizations cKelly Monahan c2015 xBusiness uhttp://www.regent.edu/acad/global/publications/elj/vol5iss1/ELJ_Vol5No1_Monahan_pp56-66.pdf